000 00284 a2200121 4500
001 32339
082 _a629.1352 PAL
090 _c21718
_d21718
100 _apallett E W
245 _aAutomatic flight control, 4/e
250 _a4
260 _aLondon
_bBlackwell Publishing
_c1993
942 _aNUST-CAE
_k629.1352 PAL
999 _c267412
_d267412